Bands that Start with "P" - Statistics

General Stats
  • This quiz has been taken 40 times
  • The average score is 10 of 24
Answer Stats
Hint Band % Correct
"Money", "Wish You Were Here" Pink Floyd
92%
"Roxanne", "King of Pain" The Police
92%
"West End Girls", Actually Pet Shop Boys
85%
"Alive", "Jeremy", "Black" Pearl Jam
82%
"Every Rose Has Its Thorn" Poison
77%
"I'm Gonna Be (500 Miles)" The Proclaimers
72%
"Brass in Pocket", "I'll Stand by You" The Pretenders
67%
"Where is My Mind?", "Here Comes Your Man" Pixies
51%
"Walk", Vulgar Display of Power Pantera
44%
"Lump", "Peaches" Presidents of the United States of America
44%
"Common People", Different Class Pulp
44%
"I Write Sins Not Tragedies" Panic! at the Disco
41%
"Fairytale of New York", "Dirty Old Town" The Pogues
41%
"Misery Business", Riot! Paramore
33%
"Glory Box", Dummy Portishead
33%
"Jerry Was a Race Car Driver", Pork Soda {Primus}
26%
"Blurry", Come Clean Puddle of Mudd
26%
"Pets", "Tahitian Moon", Good God's Urge {Porno} for {Pyros}
21%
"You Enjoy Myself", A Picture of Nectar {Phish}
18%
"1901", "Lisztomania" {Phoenix}
15%
"Pure Morning". Without You I'm Nothing {Placebo}
15%
"Cut Your Hair", Slanted and Enchanted {Pavement}
13%
"Such Great Heights", Give Up The {Postal} {Service}
13%
In Absentia, "Trains", "Blackest Eyes" {Porcupine} {Tree}
5%
No matching quizzes found
Score Distribution
Percent of People with Each Score
Percentile by Number Answered
Your Score History
You have not taken this quiz